000 00354nam a2200157Ia 4500
005 20250121020133.0
008 240331s9999 xx 000 0 und d
020 _a9551723035
082 _bHAT
_a920
100 _aHattotuwa, S.
245 0 _aSara
260 _aSri Lanka
_bBay Owl press
_c2008
300 _a144 p .,
650 _aArticles
942 _cL
999 _c4438
_d4438